Statistics for the 1 - taylor swift lyrics

Click here to take the quiz!

General Stats

  • This quiz has been taken 181 times
  • The average score is 266 of 303

Answer Stats

Answer% Correct
i
100%
the
99%
you
99%
be
97%
no
97%
on
97%
been
96%
by
96%
doing
96%
i'm
96%
in
96%
me
96%
so
96%
good
95%
if
95%
it
95%
new
95%
one
95%
shit
95%
some
95%
of
94%
would
94%
yes
94%
instead
93%
saying
93%
and
92%
we
92%
were
92%
but
91%
never
91%
to
91%
would've
91%
bus
90%
didn't
90%
have
90%
my
90%
don't
89%
know
89%
saw
89%
something
89%
stop
89%
think
89%
though
89%
true
89%
at
88%
fun
87%
all
86%
came
86%
pool
86%
wishes
86%
none
85%
pennies
85%
thought
85%
time
85%
your
85%
defense
84%
greatest
84%
her
82%
made
82%
alone
81%
home
81%
now
81%
take
81%
tossing
81%
count
80%
guess
80%
it's
80%
really
80%
thing
80%
you're
80%
baby
79%
different
79%
films
79%
had
79%
internet
79%
up
79%
wanted
78%
ask
77%
everything
77%
grow
77%
making
77%
numbers
77%
resist
77%
should've
77%
woman
77%
cool
76%
could've
76%
gonna
76%
meet
76%
roaring
76%
sunday
76%
bleed
75%
alright
74%
another
74%
are
74%
night
74%
over
74%
persist
74%
today
74%
twenties
74%
dream
73%
own
73%
sweet
73%
day
72%
each
72%
enough
72%
for
72%
hit
72%
leaving
72%
showed
72%
temptation
72%
this
72%
well
72%
ground
71%
loves
71%
painted
71%
waking
71%
adventures
69%
family
69%
matinee
69%
having
68%
running
68%
chosen
63%
digging
58%
grave
58%
with
58%
rose
54%
flowing
49%

Score Distribution

Percentile by Number Answered

Percent of People with Each Score

Your Score History

You have not taken this quiz